000 00706nam a2200193Ia 4500
008 151121s9999||||xx |||||||||||||| ||und||
082 _a780।59/गर्ग
082 _bHNW-58498
100 _aगर्ग प्रभुलाल
245 _aसंगीत (कव्वाली अंक)
260 _b"संगीत कार्यालय, हाथरस,उत्तरप्रदेश"
260 _c--
300 _a180
600 _aगर्ग प्रभुलाल
630 _aसंगीत (कव्वाली अंक)
700 _aगर्ग प्रभुलाल
730 _aसंगीत (कव्वाली अंक)
942 _cBOOK
999 _c1240320
_d1240317